| 000 | 01069nam a2200313 a 4500 | ||
|---|---|---|---|
| 001 | 18963 | ||
| 003 | BD-RjUL | ||
| 005 | 20211209000350.0 | ||
| 008 | 140222s19511902enk 001 0 eng | ||
| 035 | _a(BD-RjUL)19021 | ||
| 040 |
_aDLC _cDLC _beng |
||
| 041 | _aeng | ||
| 051 |
_aPR3510.A5 _bM6 1935 Copy 2 _cCopy 2. Signed by Bruce Rogers, in dust jacket and slipcase. |
||
| 051 |
_aPR3510.A5 _bM6 1935 Copy 3 _cCopy 3. Bruce Rogers's copy, with proof pages and 3 prospectuses laid in. |
||
| 082 |
_a821.4 _bHEP 1951 |
||
| 100 | 1 |
_aHerrick, Robert, _d1591-1674. _958468 |
|
| 245 | 1 | 4 |
_aThe poems of Robert Herrick / _cRobert Herrick |
| 260 |
_aLondon : _bH. Milford; _bOxford Univ. Press, _c1902, [reprinted 1951,1960] |
||
| 300 |
_a486 p. ; _c19 cm. |
||
| 490 | _v16. | ||
| 500 | _aDesigned by Bruce Rogers. | ||
| 500 | _aIncludes index. | ||
| 700 | 1 |
_aRogers, Bruce, _d1870-1957, _9240629 |
|
| 830 |
_aWorld's classics, _v16. _9240628 |
||
| 942 |
_2ddc _cBK |
||
| 999 |
_c18963 _d18963 |
||